Vista normal
Vista MARC
Entrada Personal Name
Número de registros utilizados en: 1
001 - CONTROL NUMBER
- control field: 9435
003 - CONTROL NUMBER IDENTIFIER
- control field: OSt
005 - DATE AND TIME OF LATEST TRANSACTION
- control field: 20200828093709.0
008 - FIXED-LENGTH DATA ELEMENTS
- fixed length control field: 200828|| aca||aabn | a|a d
040 ## - CATALOGING SOURCE
- Original cataloging agency: OSt
- Transcribing agency: OSt
100 ## - HEADING--PERSONAL NAME
- Personal name: Ortiz Cassiani, Javier
670 ## - SOURCE DATA FOUND
- Source citation: Work cat.: (OSt)4087: Obeso, Candelario, 1849-1884 autor 9433, Cantos populares de mi tierra / , 2009